[Event "Mersin op-B 7th"]
[Site "Mersin"]
[Date "2023.11.18"]
[Round "9"]
[White "Ozen, Sadettin Alperen"]
[Black "Hasirci, Ozgur Deniz"]
[Result "1/2-1/2"]
[WhiteElo "1748"]
[BlackElo "1787"]
[PlyCount "26"]
[EventDate "2023.11.12"]
[EventType "swiss"]
[EventRounds "9"]
[EventCountry "TUR"]
[SourceTitle "CB49_2023"]
[SourceDate "2023.12.06"]
[SourceVersion "1"]
[SourceVersionDate "2023.12.06"]
[SourceQuality "1"]

1. c4 e5 2. d4 exd4 3. Nf3 Nf6 4. Nxd4 d5 5. cxd5 Nxd5 6. e3 Be7 7. Be2 0-0 8. 0-0 c5 9. Nb5 Be6 10. N5c3 Nc6 11. Nxd5 Qxd5 12. Qxd5 Bxd5 13. Nc3 Be6 1/2-1/2

[Event "Mersin op-B 7th"]
[Site "Mersin"]
[Date "2023.11.15"]
[Round "5"]
[White "Unsal, Gorkem"]
[Black "Ozen, Sadettin Alperen"]
[Result "1/2-1/2"]
[WhiteElo "1812"]
[BlackElo "1748"]
[PlyCount "29"]
[EventDate "2023.11.12"]
[EventType "swiss"]
[EventRounds "9"]
[EventCountry "TUR"]
[SourceTitle "CB49_2023"]
[SourceDate "2023.12.06"]
[SourceVersion "1"]
[SourceVersionDate "2023.12.06"]
[SourceQuality "1"]

1. e4 c5 2. b3 Nc6 3. Bb2 e5 4. Bc4 Nf6 5. Qe2 d6 6. h3 g6 7. Bb5 Bd7 8. Bxc6 Bxc6 9. d3 Bg7 10. c4 0-0 11. g4 Qd7 12. Nc3 b5 13. Nd5 Bxd5 14. exd5 Rfe8 15. Kf1 1/2-1/2

[Event "TUR-ch U13/18"]
[Site "Antalya"]
[Date "2023.01.28"]
[Round "10"]
[White "Ozgun, Yigit Deniz"]
[Black "Ozen, Sadettin Alperen"]
[Result "1/2-1/2"]
[WhiteElo "1769"]
[BlackElo "1643"]
[PlyCount "96"]
[EventDate "2023.01.17"]
[EventType "swiss"]
[EventRounds "10"]
[EventCountry "TUR"]
[SourceTitle "EXT 2024"]
[Source "ChessBase"]
[SourceDate "2023.10.10"]
[SourceVersion "1"]
[SourceVersionDate "2023.10.10"]
[SourceQuality "1"]

1. e4 c5 2. Nf3 Nc6 3. d4 cxd4 4. Nxd4 e5 5. Nb5 d6 6. c4 Be6 7. N1c3 a6 8. Na3 g6 9. Nc2 Bg7 10. Bd3 Nf6 11. 0-0 0-0 12. b3 Rc8 13. Bb2 Nh5 14. Re1 Nf4 15. Bf1 f5 16. g3 Nh5 17. exf5 Bxf5 18. Bg2 Nf6 19. Ne3 Kh8 20. Nxf5 gxf5 21. Nd5 Nxd5 22. Qxd5 Qe7 23. Rad1 Rcd8 24. Bc3 e4 25. Qd2 Bxc3 26. Qxc3+ Qe5 27. Qxe5+ dxe5 28. g4 Nd4 29. gxf5 Rxf5 30. Bxe4 Rg8+ 31. Kh1 Rxf2 32. Bxb7 Rg5 33. Rg1 Rxg1+ 34. Kxg1 Rxa2 35. c5 Rc2 36. b4 Kg7 37. Rd3 Kf6 38. Bxa6 Kg5 39. Bb7 Kf4 40. Rh3 Ne2+ 41. Kf1 Nc3 42. Rxh7 e4 43. Rf7+ Ke3 44. h4 Ne2 45. c6 Ng3+ 46. Kg1 Ne2+ 47. Kg2 Nf4+ 48. Kg1 Ne2+ 1/2-1/2

[Event "EU-ch U14 30th"]
[Site "Antalya"]
[Date "2022.11.11"]
[Round "6"]
[White "Ozen, Sadettin Alperen"]
[Black "Fiskaaen, Martin Holten"]
[Result "0-1"]
[WhiteElo "1525"]
[BlackElo "2094"]
[PlyCount "86"]
[EventDate "2022.11.06"]
[EventType "swiss"]
[EventRounds "9"]
[EventCountry "TUR"]
[SourceTitle "EXT 2024"]
[Source "ChessBase"]
[SourceDate "2023.10.10"]
[SourceVersion "1"]
[SourceVersionDate "2023.10.10"]
[SourceQuality "1"]

1. e4 c5 2. Nf3 d6 3. d4 cxd4 4. Qxd4 Nf6 5. Bg5 e6 6. Nc3 Nc6 7. Bb5 Bd7 8. Bxc6 Bxc6 9. 0-0-0 Be7 10. Rhe1 0-0 11. Kb1 Qc7 12. Qd2 Rfd8 13. Nd4 Rab8 14. f3 b5 15. Nce2 Ba8 16. g4 b4 17. Ng3 a5 18. h4 a4 19. Nh5 Nxh5 20. gxh5 Bxg5 21. Qxg5 h6 22. Qg2 Kh8 23. Rd3 Qe7 24. Qg4 a3 25. b3 Rbc8 26. Red1 Rc5 27. c3 Rxc3 28. Rxc3 bxc3 29. Kc2 Qf6 30. Qg3 e5 31. Nf5 d5 32. Ne3 d4 33. Ng4 Qf4 34. Qxf4 exf4 35. Ne5 Kg8 36. Nd3 f5 37. Nxf4 fxe4 38. Ne6 Rd6 39. Nc7 d3+ 40. Kxc3 Rc6+ 41. Kd4 Rxc7 42. fxe4 Rd7+ 43. Ke3 Re7 0-1

[Event "EU-ch U10 28th"]
[Site "Riga"]
[Date "2018.08.21"]
[Round "2"]
[White "Fizer, Marek"]
[Black "Ozen, Sadettin Alperen"]
[Result "1/2-1/2"]
[WhiteElo "1764"]
[BlackElo "1533"]
[PlyCount "81"]
[EventDate "2018.08.20"]
[EventType "swiss"]
[EventRounds "9"]
[EventCountry "LAT"]
[SourceTitle "CBM 186 Extra"]
[Source "ChessBase"]
[SourceDate "2018.08.24"]
[SourceVersion "1"]
[SourceVersionDate "2018.08.24"]
[SourceQuality "1"]

1. e4 c5 2. Nf3 e6 3. d4 cxd4 4. Nxd4 Nc6 5. Nc3 Qc7 6. Be3 a6 7. g3 Nf6 8. Bg2 Be7 9. 0-0 h5 10. Re1 h4 11. Qd2 Ng4 12. Bf4 d6 13. h3 hxg3 14. hxg4 gxf2+ 15. Kxf2 Nxd4 16. Qxd4 e5 17. Nd5 Qxc2+ 18. Qd2 Bh4+ 19. Kf3 Qc6 20. Rec1 Qd7 21. Bh3 Bd8 22. Qg2 exf4 23. Nxf4 b5 24. Rh1 Bg5 25. Nd5 Bb7 26. Rad1 Kf8 27. Qe2 Qe8 28. Bg2 Rxh1 29. Rxh1 Kg8 30. Qd3 Qe6 31. Rh5 Bxd5 32. Qxd5 Qf6+ 33. Qf5 Qxf5+ 34. gxf5 f6 35. Rh1 Kf7 36. Rd1 Ke7 37. Bf1 Rc8 38. a4 Rc5 39. axb5 axb5 40. Rd5 Rxd5 41. exd5 1/2-1/2